Football - Les 10 plus gros transferts (2015-2016) - Statistiques

Statistiques générales
  • Ce quiz a été pris 122 fois
  • Le résultat moyen est 5 sur 10
Statistiques - réponses
Rang Club Précédent Nouveau Club Montant Joueur % Correct
1 Wolfsburg Manchester City 76 000 000 € Kevin De Bruyne
97%
3 Manchester United Paris SG 63 000 000 e Angel Di Maria
80%
4 Monaco Manchester United 60 000 000 € Anthony Martial
79%
2 Liverpool Manchester City 63 700 000 € Raheem Sterling
76%
10 Hoffenheim Liverpool 41 000 000 € Roberto Firmino
43%
8 Schalke 04 Wolfsburg 43 000 000 € Julian Draxler
35%
9 Atletico Madrid Guangzhou Evergrande 42 000 000 € Jackson Martinez
24%
7 Valence Manchester City 44 500 000 € Nicolas Otamendi
19%
6 Aston Villa Liverpool 46 500 000 € Christian Benteke
15%
5 Chakhtar Donetsk Jiangsu Suning 50 000 000 € Alex Teixeira
7%
Aucun quiz correspondant
Distribution des résultats
% des personnes avec chaque résultat
Percentile par nombre de réponses
Votre historique - résultats
Vous n’avez pas pris ce quiz